<?xml version="1.0" encoding="UTF-8"?><?xml-stylesheet type="text/xsl" href="static/style.xsl"?><OAI-PMH xmlns="http://www.openarchives.org/OAI/2.0/" xmlns:xsi="http://www.w3.org/2001/XMLSchema-instance" xsi:schemaLocation="http://www.openarchives.org/OAI/2.0/ http://www.openarchives.org/OAI/2.0/OAI-PMH.xsd"><responseDate>2026-06-01T21:12:46Z</responseDate><request verb="GetRecord" identifier="oai:riuma.uma.es:10630/15613" metadataPrefix="marc">https://riuma.uma.es/rest/oai/request</request><GetRecord><record><header><identifier>oai:riuma.uma.es:10630/15613</identifier><datestamp>2026-02-03T12:55:23Z</datestamp><setSpec>com_10630_5368</setSpec><setSpec>com_10630_3139</setSpec><setSpec>com_10630_10</setSpec><setSpec>col_10630_15555</setSpec></header><metadata><record xmlns="http://www.loc.gov/MARC21/slim" xmlns:dcterms="http://purl.org/dc/terms/" xmlns:doc="http://www.lyncode.com/xoai" xmlns:xsi="http://www.w3.org/2001/XMLSchema-instance" xsi:schemaLocation="http://www.loc.gov/MARC21/slim http://www.loc.gov/standards/marcxml/schema/MARC21slim.xsd">
   <leader>00925njm 22002777a 4500</leader>
   <datafield ind2=" " ind1=" " tag="042">
      <subfield code="a">dc</subfield>
   </datafield>
   <datafield ind2=" " ind1=" " tag="720">
      <subfield code="a">Rebolé, M.</subfield>
      <subfield code="e">author</subfield>
   </datafield>
   <datafield ind2=" " ind1=" " tag="720">
      <subfield code="a">Castillo, D.</subfield>
      <subfield code="e">author</subfield>
   </datafield>
   <datafield ind2=" " ind1=" " tag="720">
      <subfield code="a">Cámara, J.</subfield>
      <subfield code="e">author</subfield>
   </datafield>
   <datafield ind2=" " ind1=" " tag="720">
      <subfield code="a">Yanci, J.</subfield>
      <subfield code="e">author</subfield>
   </datafield>
   <datafield ind2=" " ind1=" " tag="260">
      <subfield code="c">2016-12-20</subfield>
   </datafield>
   <datafield ind2=" " ind1=" " tag="520">
      <subfield code="a">Los objetivos de este estudio fueron por un lado, describir el rendimiento en una prueba de rendimiento cardiovascular realizada en laboratorio y en otra de esprints repetidos (RSA) en árbitros de fútbol de alto nivel, y por otro lado, analizar la asociación entre los resultados obtenidos en ambas pruebas. Doce árbitros de fútbol de alto nivel (Divisiones 1ª, 2ª y 2ª B, 28,8±5,1 años, 73,2±6,6 kg, 1,8±0,1 m 22,82±1,38 kg·m-2) participaron en el estudio. Los árbitros obtuvieron un consumo máximo de oxígeno (VO2max) de 59,50±4,56ml·kg-1·min-1. El tiempo medio de los esprints repetidos (RSAMedia) en 15 y 30 m fue de 2,54±0,09 s y 4,43±0,14 s, respectivamente, tardando 15,26±0,53 s y 26,60±0,82 s en completar los seis esprints (RSATotal). Los índices de fatiga en 15 y 30 m fueron de 2,25±1,05% y 3,33±1,59% (RSASdec) y de 3,45±2,92% y 6,31±4,63% (RSACambio). Se obtuvieron asociaciones positivas entre distintas variables cardiovasculares y de tiempo en RSA. Por el contrario, el consumo de oxígeno en las intensidades de umbral ventilarorio 1 (VT1) y  umbral ventilatorio 2 (VT2) correlacionó negativamente con el índice de fatiga RSASdec. Una mayor capacidad cardiovascular en árbitros de fútbol, a pesar de poder producir un efecto negativo sobre el tiempo empleado en el RSA, puede minimizar la fatiga durante los esprints repetidos.</subfield>
   </datafield>
   <datafield ind1="8" ind2=" " tag="024">
      <subfield code="a">2255-0461</subfield>
   </datafield>
   <datafield ind1="8" ind2=" " tag="024">
      <subfield code="a">https://hdl.handle.net/10630/15613</subfield>
   </datafield>
   <datafield tag="653" ind2=" " ind1=" ">
      <subfield code="a">Fútbol - Rendimiento</subfield>
   </datafield>
   <datafield ind2="0" ind1="0" tag="245">
      <subfield code="a">Relación entre la capacidad cardiovascular y la capacidad de esprints repetidos en árbitros de fútbol de alto nivel</subfield>
   </datafield>
</record>
</metadata></record></GetRecord></OAI-PMH>